[Event "Titled Tuesday intern op 01st Apr Early"]
[Site "Chess.com INT"]
[Date "2025.04.01"]
[Round "7"]
[White "Benedetti, Julio"]
[Black "Cruz, William Ferreira Da"]
[Result "1-0"]
[WhiteElo "2281"]
[BlackElo "2216"]
[PlyCount "79"]
[EventDate "2025.04.01"]
[EventType "swiss (blitz)"]
[EventRounds "11"]
[EventCountry "USA"]
[SourceTitle "CB15_2025"]
[SourceDate "2025.04.09"]
[SourceVersion "1"]
[SourceVersionDate "2025.04.09"]
[SourceQuality "1"]

1. d4 Nf6 2. Nf3 g6 3. Bg5 Bg7 4. e3 0-0 5. Be2 d6 6. 0-0 Nbd7 7. Nbd2 b6 8. c3 Bb7 9. Re1 h6 10. Bh4 g5 11. Bg3 e6 12. Qc2 Qe7 13. e4 Nh5 14. Bd3 Nxg3 15. fxg3 c5 16. d5 Ne5 17. Nxe5 Bxe5 18. Nf3 Bg7 19. c4 a6 20. e5 dxe5 21. Nxe5 Rad8 22. dxe6 Qxe6 23. Bh7+ Kh8 24. Ng6+ Qxg6 25. Bxg6 fxg6 26. Rad1 Bd4+ 27. Kh1 Rd6 28. Rf1 Rdf6 29. Rxf6 Rxf6 30. Qe2 Kg7 31. Re1 Rf7 32. g4 Bc8 33. h3 Bb7 34. a3 a5 35. Qe8 Bf6 36. Re6 h5 37. Rxb6 hxg4 38. hxg4 Bd4 39. Re6 a4 40. Re7 1-0

[Event "Titled Tuesday intern op 01st Apr Early"]
[Site "Chess.com INT"]
[Date "2025.04.01"]
[Round "6"]
[White "Benedetti, Julio"]
[Black "Wijerathna, Vinuka Dihain"]
[Result "1-0"]
[WhiteElo "2281"]
[BlackElo "2117"]
[PlyCount "115"]
[EventDate "2025.04.01"]
[EventType "swiss (blitz)"]
[EventRounds "11"]
[EventCountry "USA"]
[SourceTitle "CB15_2025"]
[SourceDate "2025.04.09"]
[SourceVersion "1"]
[SourceVersionDate "2025.04.09"]
[SourceQuality "1"]

1. d4 Nf6 2. Nf3 d5 3. Bg5 Ne4 4. Bf4 c5 5. e3 Nc6 6. c3 Qb6 7. Qb3 c4 8. Qxb6 axb6 9. Nbd2 Bf5 10. Nh4 Nxd2 11. Kxd2 Bd7 12. e4 e6 13. exd5 exd5 14. Re1+ Be7 15. Bd6 Rxa2 16. Bxe7 Nxe7 17. Kc2 g5 18. Kb1 Ra5 19. Nf3 Bf5+ 20. Kc1 Ra1+ 21. Kd2 Rxe1 22. Kxe1 f6 23. Be2 Kd7 24. h4 g4 25. Nh2 h5 26. Nf1 Ra8 27. f3 Ra1+ 28. Kf2 gxf3 29. Bxf3 Ra2 30. Ng3 Rxb2+ 31. Ke3 Bg6 32. Nxh5 Bxh5 33. Bxh5 Rxg2 34. Kf4 Rf2+ 35. Bf3 Ra2 36. h5 Ra8 37. Rb1 Kc6 38. Re1 Kd6 39. Bg4 f5 40. Bxf5 Nxf5 41. Kxf5 Rh8 42. Kg6 Rg8+ 43. Kh7 Rg3 44. Rb1 Rxc3 45. Rxb6+ Kc7 46. Rg6 Rh3 47. h6 b5 48. Kg7 c3 49. h7 b4 50. Rh6 Rg3+ 51. Kf7 c2 52. h8Q c1Q 53. Qe5+ Kb7 54. Qxd5+ Ka7 55. Qa5+ Kb8 56. Rb6+ Kc7 57. Qa7+ Kc8 58. Rb8# 1-0

[Event "Catalunya-chT Gp2"]
[Site "Barcelona"]
[Date "2025.02.15"]
[Round "5.4"]
[White "Benedetti, Julio"]
[Black "Valenzuela Gomez, Fernando Alberto"]
[Result "1-0"]
[WhiteElo "2243"]
[BlackElo "2314"]
[PlyCount "90"]
[EventDate "2025.01.18"]
[EventType "team-tourn"]
[EventRounds "5"]
[EventCountry "ESP"]
[SourceTitle "CB10_2025"]
[SourceDate "2025.03.05"]
[SourceVersion "1"]
[SourceVersionDate "2025.03.05"]
[SourceQuality "1"]
[WhiteTeam "Cerdanyola Valles"]
[BlackTeam "Lira Vendrellenca"]
[WhiteTeamCountry "ESP"]
[BlackTeamCountry "ESP"]

1. e4 e5 2. Nf3 Nc6 3. Bc4 Bc5 4. c3 Nf6 5. d3 d6 6. Nbd2 a5 7. 0-0 0-0 8. Re1 Ba7 9. Nf1 Ne7 10. Be3 Bxe3 11. Rxe3 Ng6 12. Ng3 c6 13. Bb3 b5 14. a4 bxa4 15. Bxa4 Qb6 16. d4 Rb8 17. Re2 Bg4 18. Rd2 Nh4 19. Qe2 Nh5 20. Nxh5 Bxh5 21. Qd3 Bxf3 22. gxf3 Qd8 23. f4 Qf6 24. Qg3 Qxf4 25. Qxf4 exf4 26. Kf1 c5 27. dxc5 dxc5 28. b3 Rfc8 29. Rad1 g6 30. c4 Nf3 31. Rd6 Nd4 32. Rf6 Rd8 33. Rd3 Ne6 34. Rd5 Kg7 35. e5 g5 36. Ke2 Nd4+ 37. Kd3 Nf3 38. Ke4 Nxh2 39. Rfd6 Rg8 40. Rd7 Rb6 41. R5d6 Rxd6 42. exd6 Ng4 43. Kf5 Nf6 44. Ra7 Rd8 45. d7 h6 1-0

[Event "Catalunya-chT Gp2"]
[Site "Barcelona"]
[Date "2025.01.18"]
[Round "1.4"]
[White "Benedetti, Julio"]
[Black "Magem Badals, Jordi"]
[Result "0-1"]
[WhiteElo "2243"]
[BlackElo "2491"]
[PlyCount "78"]
[EventDate "2025.01.18"]
[EventType "team-tourn"]
[EventRounds "5"]
[EventCountry "ESP"]
[SourceTitle "CB07_2025"]
[SourceDate "2025.02.12"]
[SourceVersion "1"]
[SourceVersionDate "2025.02.12"]
[SourceQuality "1"]
[WhiteTeam "Cerdanyola Valles"]
[BlackTeam "Colon Sabadell"]
[WhiteTeamCountry "ESP"]
[BlackTeamCountry "ESP"]

1. e4 c6 2. d4 d5 3. exd5 cxd5 4. c4 Nf6 5. Nc3 Nc6 6. Nf3 a6 7. Ne5 e6 8. Be2 dxc4 9. Nxc6 bxc6 10. Qa4 Qd7 11. Bf3 Nd5 12. 0-0 a5 13. Re1 Be7 14. Qxc4 Ba6 15. Qa4 Bb5 16. Qd1 0-0 17. Ne4 Rfd8 18. Bg5 Bxg5 19. Nxg5 Nf6 20. Rc1 a4 21. Re5 Rab8 22. Rec5 h6 23. Ne4 Nxe4 24. Bxe4 Qxd4 25. Qc2 f5 26. Bf3 Bd3 27. Qc3 Rxb2 28. Qxd4 Rxd4 29. Rd1 Be2 30. Bxe2 Rxe2 31. Kf1 Rxf2+ 32. Kxf2 Rxd1 33. Rc2 Rd3 34. Rxc6 Rd2+ 35. Ke3 Rxg2 36. Rxe6 Rxh2 37. Ra6 Rxa2 38. Kf4 a3 39. Kxf5 Rf2+ 0-1

[Event "Vega de San Mateo op 2nd"]
[Site "Vega de San Mateo"]
[Date "2024.12.05"]
[Round "7"]
[White "Benedetti, Julio"]
[Black "Martinez Gonzalez, Miguel A"]
[Result "1-0"]
[WhiteElo "2221"]
[BlackElo "1952"]
[PlyCount "45"]
[EventDate "2024.11.30"]
[EventType "swiss"]
[EventRounds "9"]
[EventCountry "ESP"]
[SourceTitle "CB50_2024"]
[SourceDate "2024.11.01"]
[SourceVersion "1"]
[SourceVersionDate "2024.11.01"]
[SourceQuality "2"]

1. e4 c5 2. Nf3 e6 3. c3 Nf6 4. e5 Nd5 5. Bc4 Nb6 6. Bb3 d6 7. d4 dxe5 8. Nxe5 cxd4 9. cxd4 Bb4+ 10. Nc3 0-0 11. 0-0 Nc6 12. Nf3 Be7 13. a3 Bf6 14. Be3 Na5 15. Bc2 Nbc4 16. Qd3 g6 17. Bh6 Nxb2 18. Qb5 Nac4 19. Bc1 Bd7 20. Qb3 Qb6 21. Rb1 Bc6 22. Bxb2 Bxf3 23. Qxc4 1-0

[Event "Vega de San Mateo op 2nd"]
[Site "Vega de San Mateo"]
[Date "2024.12.02"]
[Round "4"]
[White "Lux, Hugo de Melo"]
[Black "Benedetti, Julio"]
[Result "1-0"]
[WhiteElo "2327"]
[BlackElo "2221"]
[PlyCount "63"]
[EventDate "2024.11.30"]
[EventType "swiss"]
[EventRounds "9"]
[EventCountry "ESP"]
[SourceTitle "CB50_2024"]
[SourceDate "2024.11.01"]
[SourceVersion "1"]
[SourceVersionDate "2024.11.01"]
[SourceQuality "2"]

1. e4 c5 2. Nf3 d6 3. d4 cxd4 4. Qxd4 Nc6 5. Qd3 g6 6. Be2 Bg7 7. Nc3 Nf6 8. 0-0 0-0 9. Nd5 Nxd5 10. exd5 Ne5 11. Nxe5 Bxe5 12. c3 Bf5 13. Qd1 Qa5 14. a4 Be4 15. c4 Qc5 16. Ra3 b6 17. g4 f5 18. b4 Qxb4 19. f3 Qc5+ 20. Kg2 fxg4 21. fxe4 Rxf1 22. Bxf1 Bxh2 23. Kxh2 Qf2+ 24. Bg2 Qh4+ 25. Kg1 Rf8 26. Qe2 h5 27. Bd2 Qf6 28. e5 dxe5 29. Re3 h4 30. Qxg4 Qf2+ 31. Kh1 Rf6 32. Re2 1-0

[Event "Titled Tuesday intern op 23rd Jul Late"]
[Site "Chess.com INT"]
[Date "2024.07.23"]
[Round "3"]
[White "Benedetti, Julio"]
[Black "Gruzman, Ilya"]
[Result "1-0"]
[WhiteElo "2241"]
[BlackElo "2149"]
[PlyCount "49"]
[EventDate "2024.07.23"]
[EventType "swiss (blitz)"]
[EventRounds "11"]
[EventCountry "USA"]
[SourceTitle "EXT 2025"]
[Source "ChessBase"]
[SourceDate "2024.10.14"]
[SourceVersion "1"]
[SourceVersionDate "2024.10.14"]
[SourceQuality "1"]

1. e4 c5 2. Nc3 Nc6 3. f4 g6 4. Nf3 Bg7 5. Bc4 e6 6. f5 Nge7 7. fxe6 fxe6 8. d3 d5 9. Bb3 0-0 10. 0-0 b5 11. Nxb5 Qb6 12. c4 Bd7 13. Qe1 a6 14. Nc3 Nd4 15. exd5 Nxf3+ 16. Rxf3 Rxf3 17. gxf3 Nf5 18. Kh1 Re8 19. Ne4 Nd4 20. Qd1 exd5 21. cxd5 Rf8 22. Be3 Nxf3 23. Bxc5 Qc7 24. d6+ Be6 25. Bxe6+ 1-0

[Event "Titled Tuesday intern op 23rd Jul Late"]
[Site "Chess.com INT"]
[Date "2024.07.23"]
[Round "4"]
[White "Benedetti, Julio"]
[Black "Urazayev, Arystanbek"]
[Result "0-1"]
[WhiteElo "2241"]
[BlackElo "2476"]
[PlyCount "92"]
[EventDate "2024.07.23"]
[EventType "swiss (blitz)"]
[EventRounds "11"]
[EventCountry "USA"]
[SourceTitle "EXT 2025"]
[Source "ChessBase"]
[SourceDate "2024.10.14"]
[SourceVersion "1"]
[SourceVersionDate "2024.10.14"]
[SourceQuality "1"]

1. e4 c6 2. Nf3 d5 3. exd5 cxd5 4. Ne5 Nf6 5. d4 a6 6. c4 e6 7. Nc3 Be7 8. Bd3 0-0 9. 0-0 dxc4 10. Bxc4 b5 11. Bd3 Bb7 12. Bf4 Nbd7 13. a3 Nxe5 14. dxe5 Nd5 15. Nxd5 Qxd5 16. f3 Rfd8 17. Rc1 Qd4+ 18. Kh1 Qxf4 19. Rc7 Bd5 20. Rxe7 Bc4 21. Bxc4 Rxd1 22. Rxd1 Qxc4 23. Ra7 Qc8 24. Rad7 h6 25. g4 Qc2 26. R1d2 Qb1+ 27. Kg2 Rc8 28. Rd8+ Rxd8 29. Rxd8+ Kh7 30. Rd2 Qe1 31. Rf2 Qxe5 32. f4 Qe4+ 33. Kg3 a5 34. h4 h5 35. gxh5 Kh6 36. Rf3 Kxh5 37. b3 Qg6+ 38. Kf2 Kxh4 39. f5 Qxf5 40. Rxf5 exf5 41. Kf3 g5 42. Ke3 g4 43. Kf4 g3 44. Kf3 Kh3 45. Kf4 g2 46. Kxf5 g1Q 0-1

[Event "Titled Tuesday intern op 25th Jun Late"]
[Site "Chess.com INT"]
[Date "2024.06.25"]
[Round "2"]
[White "Wang, Lidong"]
[Black "Benedetti, Julio"]
[Result "0-1"]
[WhiteElo "2128"]
[BlackElo "2244"]
[PlyCount "96"]
[EventDate "2024.06.25"]
[EventType "swiss (blitz)"]
[EventRounds "11"]
[EventCountry "USA"]
[SourceTitle "EXT 2025"]
[Source "ChessBase"]
[SourceDate "2024.10.14"]
[SourceVersion "1"]
[SourceVersionDate "2024.10.14"]
[SourceQuality "1"]

1. e4 c5 2. c3 d6 3. d4 Nf6 4. Bd3 e6 5. Nf3 Be7 6. 0-0 0-0 7. Re1 h6 8. h3 Nc6 9. Be3 Bd7 10. Nbd2 cxd4 11. cxd4 Rc8 12. a3 a6 13. Qe2 b5 14. b4 Re8 15. Nb3 Bf8 16. Rac1 Ne7 17. Na5 d5 18. e5 Ne4 19. Nb7 Qb6 20. Nc5 Bc6 21. Nd2 Nf5 22. Ndxe4 dxe4 23. Bxe4 Bxe4 24. Nxe4 Rxc1 25. Rxc1 Rd8 26. Qb2 a5 27. Nc5 axb4 28. axb4 Be7 29. Ra1 Qc6 30. Ra3 Qd5 31. Rd3 Qc4 32. Rc3 Qd5 33. Rd3 Ra8 34. Ra3 Rxa3 35. Qxa3 Nxd4 36. Bxd4 Qxd4 37. Qa8+ Kh7 38. Qa5 Bxc5 39. bxc5 Qxc5 40. Qe1 Qc2 41. Qb4 Qc4 42. Qe7 Qc1+ 43. Kh2 Qf4+ 44. Kg1 b4 45. Qb7 Kg6 46. g3 Qc1+ 47. Kg2 Qc4 48. h4 Qd5+ 0-1

[Event "Catalunya-chT Gp2 Final"]
[Site "Barcelona"]
[Date "2024.03.16"]
[Round "2.3"]
[White "Martinez Pla, Xavier"]
[Black "Benedetti, Julio"]
[Result "1/2-1/2"]
[WhiteElo "2264"]
[BlackElo "2239"]
[PlyCount "52"]
[EventDate "2024.03.09"]
[EventType "team-k.o."]
[EventRounds "4"]
[EventCountry "ESP"]
[SourceTitle "CBM 220 Extra"]
[Source "ChessBase"]
[SourceDate "2024.07.31"]
[SourceVersion "1"]
[SourceVersionDate "2024.07.31"]
[SourceQuality "1"]
[WhiteTeam "Vila Olimpica"]
[BlackTeam "Tres Peons"]
[WhiteTeamCountry "ESP"]
[BlackTeamCountry "ESP"]

1. e4 c5 2. Nf3 Nc6 3. d4 cxd4 4. Nxd4 Nf6 5. Nc3 e5 6. Ndb5 d6 7. Nd5 Nxd5 8. exd5 Nb8 9. c4 Be7 10. Bd3 a6 11. Nc3 0-0 12. 0-0 f5 13. f3 Bg5 14. Qc2 b6 15. Kh1 a5 16. a3 Na6 17. Rb1 Nc5 18. b4 axb4 19. axb4 Nxd3 20. Qxd3 Bd7 21. Bxg5 Qxg5 22. f4 Qf6 23. fxe5 Qxe5 24. Rbe1 Qf6 25. Qd2 Qh4 26. Rf4 Qh6 1/2-1/2

[Event "Titled Tuesday intern op 27th Feb Early"]
[Site "Chess.com INT"]
[Date "2024.02.27"]
[Round "6"]
[White "Amorim, Daniel Madson De Me"]
[Black "Benedetti, Julio"]
[Result "1-0"]
[WhiteElo "2143"]
[BlackElo "2247"]
[PlyCount "57"]
[EventDate "2024.02.27"]
[EventType "swiss (blitz)"]
[EventRounds "11"]
[EventCountry "USA"]
[SourceTitle "EXT 2025"]
[Source "ChessBase"]
[SourceDate "2024.10.14"]
[SourceVersion "1"]
[SourceVersionDate "2024.10.14"]
[SourceQuality "1"]

1. d4 Nf6 2. c4 c5 3. d5 b5 4. cxb5 a6 5. b6 d6 6. Nc3 Qxb6 7. e4 g6 8. Be2 Bg7 9. Nf3 0-0 10. Nd2 Nbd7 11. a4 Ne5 12. h3 Nh5 13. a5 Qc7 14. Bxh5 Nd3+ 15. Kf1 gxh5 16. Nc4 Nxc1 17. Rxc1 Rb8 18. Nb6 Bd7 19. Kg1 f5 20. Qe2 fxe4 21. Nxe4 Bf5 22. Ng5 Bd4 23. Ne6 Bxe6 24. Qxe6+ Kh8 25. Rc2 Rf6 26. Qe4 Qd8 27. Kh2 Bxf2 28. Qe2 Bd4 29. Rf1 1-0

[Event "Titled Tuesday intern op 27th Feb Early"]
[Site "Chess.com INT"]
[Date "2024.02.27"]
[Round "5"]
[White "Benedetti, Julio"]
[Black "Castellanos Hernandez, Emilio Agustin"]
[Result "0-1"]
[WhiteElo "2247"]
[BlackElo "1970"]
[PlyCount "75"]
[EventDate "2024.02.27"]
[EventType "swiss (blitz)"]
[EventRounds "11"]
[EventCountry "USA"]
[SourceTitle "EXT 2025"]
[Source "ChessBase"]
[SourceDate "2024.10.14"]
[SourceVersion "1"]
[SourceVersionDate "2024.10.14"]
[SourceQuality "1"]

1. e4 c5 2. Nc3 g6 3. f4 Bg7 4. Nf3 e6 5. Bc4 Ne7 6. d3 d5 7. Bb3 dxe4 8. Nxe4 Nbc6 9. 0-0 b6 10. Qe1 0-0 11. Qh4 Nf5 12. Qf2 Ncd4 13. Ne5 Nxb3 14. axb3 Bb7 15. Be3 Qc7 16. Ng4 h5 17. Ngf6+ Kh8 18. Bd2 Bxe4 19. Nxe4 Bd4 20. Bc3 Rad8 21. Kh1 Qe7 22. Ng5 Kg8 23. Bxd4 Rxd4 24. Rfe1 Rfd8 25. Qd2 R8d7 26. Nf3 R4d5 27. Ne5 Rc7 28. Qf2 Rd4 29. Nf3 Rxf4 30. Qd2 Rg4 31. h3 Rb4 32. Ne5 Rd4 33. Qf2 Qh4 34. Qg1 Ng3+ 35. Kh2 Qf4 36. Nf3 Ne2+ 37. Kh1 Nxg1 38. Kxg1 0-1

[Event "Titled Tuesday intern op 27th Feb Early"]
[Site "Chess.com INT"]
[Date "2024.02.27"]
[Round "3"]
[White "Benedetti, Julio"]
[Black "Narayanan, Srinath"]
[Result "0-1"]
[WhiteElo "2247"]
[BlackElo "2552"]
[PlyCount "42"]
[EventDate "2024.02.27"]
[EventType "swiss (blitz)"]
[EventRounds "11"]
[EventCountry "USA"]
[SourceTitle "EXT 2025"]
[Source "ChessBase"]
[SourceDate "2024.10.14"]
[SourceVersion "1"]
[SourceVersionDate "2024.10.14"]
[SourceQuality "1"]

1. e4 c5 2. Nc3 Nc6 3. f4 g6 4. Nf3 Bg7 5. Bc4 e6 6. f5 gxf5 7. d3 Nge7 8. 0-0 0-0 9. Bg5 f6 10. Bh4 b6 11. Bg3 Na5 12. Nb5 fxe4 13. Bc7 Qe8 14. Nd6 Qg6 15. dxe4 Nxc4 16. Nxc4 Qxe4 17. Bd6 Qxc4 18. Bxe7 Re8 19. Bd6 Bb7 20. Qe1 Bxf3 21. Rxf3 Qd4+ 0-1

[Event "Titled Tuesday intern op 27th Feb Early"]
[Site "Chess.com INT"]
[Date "2024.02.27"]
[Round "2"]
[White "Benedetti, Julio"]
[Black "Tsaruk, Maksim"]
[Result "1-0"]
[WhiteElo "2247"]
[BlackElo "2480"]
[PlyCount "59"]
[EventDate "2024.02.27"]
[EventType "swiss (blitz)"]
[EventRounds "11"]
[EventCountry "USA"]
[SourceTitle "EXT 2025"]
[Source "ChessBase"]
[SourceDate "2024.10.14"]
[SourceVersion "1"]
[SourceVersionDate "2024.10.14"]
[SourceQuality "1"]

1. e4 d5 2. Nc3 d4 3. Nce2 c5 4. Nf3 Nc6 5. Ng3 e6 6. Bb5 Bd7 7. 0-0 a6 8. Bxc6 Bxc6 9. Ne5 Bb5 10. d3 Bd6 11. f4 Ne7 12. a4 Bc6 13. Qg4 Bxe5 14. fxe5 Ng6 15. Nh5 Rg8 16. Bg5 Qc7 17. Rf2 Qxe5 18. Raf1 f6 19. Nxg7+ Kd7 20. Bxf6 Qd6 21. Qh5 Rh8 22. Bg5 Bxa4 23. Rf7+ Kc6 24. b3 Bb5 25. R1f6 Ne5 26. Rxe6 Nxf7 27. Qxf7 Qxe6 28. Qxe6+ Kc7 29. Bf4+ Kd8 30. Qd6+ 1-0

[Event "Titled Tuesday intern op 27th Feb Late"]
[Site "Chess.com INT"]
[Date "2024.02.27"]
[Round "5"]
[White "Bueno, Alfeu Varela Jr"]
[Black "Benedetti, Julio"]
[Result "0-1"]
[WhiteElo "2155"]
[BlackElo "2247"]
[PlyCount "58"]
[EventDate "2024.02.27"]
[EventType "swiss (blitz)"]
[EventRounds "11"]
[EventCountry "USA"]
[SourceTitle "CBM 219 Extra"]
[Source "ChessBase"]
[SourceDate "2024.05.31"]
[SourceVersion "1"]
[SourceVersionDate "2024.05.31"]
[SourceQuality "1"]

1. e4 c5 2. Nc3 Nc6 3. f4 g6 4. Nf3 Bg7 5. Bb5 Nd4 6. 0-0 Nxb5 7. Nxb5 a6 8. Nc3 b5 9. d3 Bb7 10. Qe1 b4 11. Nd5 Bxd5 12. exd5 d6 13. f5 Nf6 14. Ng5 Qd7 15. Bf4 Nxd5 16. fxg6 hxg6 17. Qe4 Bd4+ 18. Kh1 Qf5 19. Nxf7 Qxf7 20. Bxd6 Bf6 21. Bxe7 Qxe7 22. Qxd5 Rd8 23. Qc6+ Kf7 24. Qxa6 Qd6 25. Qc4+ Kg7 26. h3 Rh4 27. Qb5 Rf4 28. Qb7+ Kh6 29. Rfe1 Rf8 0-1

[Event "Titled Tuesday intern op 27th Feb Early"]
[Site "Chess.com INT"]
[Date "2024.02.27"]
[Round "4"]
[White "Halkias, Stelios"]
[Black "Benedetti, Julio"]
[Result "1-0"]
[WhiteElo "2508"]
[BlackElo "2247"]
[PlyCount "63"]
[EventDate "2024.02.27"]
[EventType "swiss (blitz)"]
[EventRounds "11"]
[EventCountry "USA"]
[SourceTitle "EXT 2025"]
[Source "ChessBase"]
[SourceDate "2024.10.14"]
[SourceVersion "1"]
[SourceVersionDate "2024.10.14"]
[SourceQuality "1"]

1. d4 Nf6 2. c4 c5 3. d5 b5 4. cxb5 a6 5. e3 axb5 6. Bxb5 Qa5+ 7. Nc3 Ba6 8. Be2 g6 9. Nf3 Bg7 10. 0-0 0-0 11. e4 d6 12. Re1 Nbd7 13. h3 Rfb8 14. Bxa6 Qxa6 15. Re2 Ne8 16. Bg5 Nc7 17. Bxe7 f6 18. e5 fxe5 19. Ne4 Ne8 20. Nfg5 Nf8 21. Rd2 Rb7 22. Bxf8 Bxf8 23. Qg4 Re7 24. h4 Qc8 25. Qg3 Qf5 26. Rd3 Qf4 27. Qh3 h6 28. Rf3 hxg5 29. Rxf4 exf4 30. Nxg5 Ng7 31. Qg4 Re5 32. Nf3 1-0

[Event "Titled Tuesday intern op 09th Jan Late"]
[Site "Chess.com INT"]
[Date "2024.01.09"]
[Round "4"]
[White "Benedetti, Julio"]
[Black "Garcia Correa, Jose Ricardo"]
[Result "1-0"]
[WhiteElo "2252"]
[BlackElo "2103"]
[PlyCount "83"]
[EventDate "2024.01.09"]
[EventType "swiss (blitz)"]
[EventRounds "11"]
[EventCountry "USA"]
[SourceTitle "EXT 2025"]
[Source "ChessBase"]
[SourceDate "2024.10.14"]
[SourceVersion "1"]
[SourceVersionDate "2024.10.14"]
[SourceQuality "1"]

1. e4 e5 2. Nf3 Nc6 3. Bc4 Bc5 4. d3 d6 5. c3 Qf6 6. Bb3 Nge7 7. Nbd2 h6 8. Nf1 0-0 9. Ng3 Ng6 10. Nh5 Qe7 11. Be3 Bg4 12. Ng3 Nf4 13. Bxf4 exf4 14. Ne2 g5 15. Qd2 a5 16. h4 a4 17. Bc2 Bxf3 18. gxf3 Ne5 19. Ng1 Bb6 20. d4 Ng6 21. hxg5 hxg5 22. 0-0-0 Kg7 23. Nh3 Rh8 24. Rdg1 f6 25. Qd3 Qf7 26. Kb1 a3 27. Bb3 Qe7 28. bxa3 c5 29. a4 cxd4 30. cxd4 d5 31. exd5 Qb4 32. Nxg5 fxg5 33. Rxh8 Rxh8 34. Rxg5 Rh6 35. Qe4 Bxd4 36. Rg1 Bc5 37. Qe5+ Kf8 38. Qg5 Kg7 39. d6 Bxd6 40. Qf5 Be5 41. Qf7+ Kh8 42. Qg8# 1-0

[Event "Titled Tuesday intern op 09th Jan Early"]
[Site "Chess.com INT"]
[Date "2024.01.09"]
[Round "6"]
[White "Benedetti, Julio"]
[Black "Golubovic, Erik"]
[Result "1/2-1/2"]
[WhiteElo "2252"]
[BlackElo "2025"]
[PlyCount "145"]
[EventDate "2024.01.09"]
[EventType "swiss (blitz)"]
[EventRounds "11"]
[EventCountry "USA"]
[SourceTitle "CBM 218 Extra"]
[Source "ChessBase"]
[SourceDate "2024.03.31"]
[SourceVersion "1"]
[SourceVersionDate "2024.03.31"]
[SourceQuality "1"]

1. e4 c5 2. Nc3 d6 3. f4 g6 4. Nf3 Bg7 5. Bc4 Nc6 6. d3 e6 7. 0-0 Nge7 8. f5 0-0 9. fxe6 Bxe6 10. Bxe6 fxe6 11. Bg5 Qd7 12. Qe1 Nd4 13. Nxd4 Bxd4+ 14. Kh1 Rxf1+ 15. Qxf1 Rf8 16. Qe1 Nc6 17. Qh4 Qf7 18. Qe1 Qf2 19. Ne2 Qxe1+ 20. Rxe1 Bxb2 21. Bf4 Be5 22. Bxe5 Nxe5 23. Kg1 b5 24. Rb1 b4 25. a3 a5 26. h3 Nc6 27. axb4 cxb4 28. c3 Rb8 29. cxb4 Rxb4 30. Rc1 Nd4 31. Nxd4 Rxd4 32. Rc3 Kf7 33. Kf2 e5 34. Ke3 Ke6 35. Rc7 h5 36. g4 hxg4 37. hxg4 Ra4 38. g5 Ra1 39. Rg7 a4 40. Rxg6+ Ke7 41. Rg7+ Ke6 42. Ra7 a3 43. g6 a2 44. g7 Rg1 45. Rxa2 Rxg7 46. Rh2 Rg3+ 47. Kd2 Rg6 48. Rh8 d5 49. Re8+ Kd7 50. Rxe5 dxe4 51. Rxe4 Rh6 52. Kc3 Rg6 53. Kc4 Rh6 54. Re5 Rg6 55. Kc5 Rc6+ 56. Kd4 Rd6+ 57. Rd5 Kc6 58. Rxd6+ Kxd6 59. Ke4 Ke6 60. d4 Kd6 61. Kd3 Kd5 62. Kc3 Kd6 63. Kc4 Kc6 64. d5+ Kd6 65. Kd4 Kd7 66. Kc5 Kc7 67. d6+ Kd7 68. Kd5 Kd8 69. Ke6 Ke8 70. Ke5 Kd7 71. Kd5 Kd8 72. Kc5 Kd7 73. Kd5 1/2-1/2

[Event "Titled Tuesday intern op 09th Jan Late"]
[Site "Chess.com INT"]
[Date "2024.01.09"]
[Round "5"]
[White "Gonzalez Vega, Alejandro"]
[Black "Benedetti, Julio"]
[Result "0-1"]
[WhiteElo "2092"]
[BlackElo "2252"]
[PlyCount "72"]
[EventDate "2024.01.09"]
[EventType "swiss (blitz)"]
[EventRounds "11"]
[EventCountry "USA"]
[SourceTitle "EXT 2025"]
[Source "ChessBase"]
[SourceDate "2024.10.14"]
[SourceVersion "1"]
[SourceVersionDate "2024.10.14"]
[SourceQuality "1"]

1. e4 c5 2. Nf3 d6 3. d4 cxd4 4. c3 Nf6 5. cxd4 Nxe4 6. d5 Nf6 7. Nc3 g6 8. Bd3 Bg7 9. 0-0 0-0 10. h3 Nbd7 11. Re1 Nc5 12. Bc2 a5 13. Bg5 h6 14. Bh4 Re8 15. Qd2 Bd7 16. a4 Qb6 17. Nd4 Qb4 18. Bg3 Nxd5 19. Ndb5 Bxb5 20. Qxd5 Bc6 21. Qa2 Kf8 22. Rac1 Rad8 23. Nd5 Qxb2 24. Qc4 Bxd5 25. Qxd5 Qd4 26. Qf3 Qf6 27. Qd5 Rc8 28. Rcd1 Red8 29. Bb1 Rd7 30. Ba2 Nxa4 31. Qxa5 Nc3 32. Bd5 Nxd1 33. Rxd1 Qc3 34. Qb6 Be5 35. Bxe5 dxe5 36. Qb5 Rcd8 0-1

[Event "Titled Tuesday intern op 19th Dec Late"]
[Site "Chess.com INT"]
[Date "2023.12.19"]
[Round "1"]
[White "Benedetti, Julio"]
[Black "Drygalov, Andrey"]
[Result "1-0"]
[WhiteElo "2252"]
[BlackElo "2475"]
[PlyCount "47"]
[EventDate "2023.12.19"]
[EventType "swiss (blitz)"]
[EventRounds "11"]
[EventCountry "USA"]
[SourceTitle "EXT 2025"]
[Source "ChessBase"]
[SourceDate "2024.10.14"]
[SourceVersion "1"]
[SourceVersionDate "2024.10.14"]
[SourceQuality "1"]

1. e4 c5 2. Nc3 d6 3. f4 g6 4. Nf3 Bg7 5. Bc4 Nc6 6. d3 e6 7. f5 Nd4 8. 0-0 Ne7 9. fxe6 fxe6 10. Nxd4 cxd4 11. Ne2 Nc6 12. Nf4 Qe7 13. Nh3 Ne5 14. Bb3 h6 15. c3 Nf7 16. Qg4 Ne5 17. Qg3 dxc3 18. bxc3 g5 19. d4 Nf7 20. Ba3 Qc7 21. Rxf7 Qxf7 22. Rf1 Qh5 23. Qxd6 Qf7 24. Ba4+ 1-0

[Event "Titled Tuesday intern op 19th Dec Late"]
[Site "Chess.com INT"]
[Date "2023.12.19"]
[Round "6"]
[White "Benedetti, Julio"]
[Black "Sun, Rick"]
[Result "0-1"]
[WhiteElo "2252"]
[BlackElo "2139"]
[PlyCount "76"]
[EventDate "2023.12.19"]
[EventType "swiss (blitz)"]
[EventRounds "11"]
[EventCountry "USA"]
[SourceTitle "EXT 2025"]
[Source "ChessBase"]
[SourceDate "2024.10.14"]
[SourceVersion "1"]
[SourceVersionDate "2024.10.14"]
[SourceQuality "1"]

1. e4 d6 2. d4 Nf6 3. Nc3 Nbd7 4. Nf3 e5 5. Bc4 Be7 6. 0-0 0-0 7. h3 c6 8. a4 Qc7 9. dxe5 dxe5 10. a5 Nc5 11. Qe2 Be6 12. b3 b5 13. axb6 axb6 14. Bb2 Bxc4 15. Qxc4 b5 16. Qe2 b4 17. Rxa8 Rxa8 18. Nb1 Nfxe4 19. Bxe5 Bd6 20. Bd4 h6 21. Re1 Ng5 22. Nxg5 hxg5 23. Nd2 Ne6 24. Bb2 Bc5 25. Ne4 Be7 26. Qg4 Ra2 27. Ba1 Qa7 28. Be5 Rxc2 29. Bg3 Qd7 30. Qf5 Ra2 31. Qf3 Ra8 32. Rd1 Qa7 33. Qd3 Rd8 34. Qe2 Rxd1+ 35. Qxd1 Qd4 36. Qc1 Qd5 37. Nd2 Nd4 38. Qd1 Nxb3 0-1